The makings of a just society : What the postwar years have taught us about national development

Wedi'i Gadw mewn:
Manylion Llyfryddiaeth
Prif Awdur: Bowles, Chester
Fformat: Llyfr
Iaith:Undetermined
Cyhoeddwyd: Delhi University of Delhi 1963
Pynciau:
Tagiau: Ychwanegu Tag
Dim Tagiau, Byddwch y cyntaf i dagio'r cofnod hwn!
Thư viện lưu trữ: Trung tâm Học liệu Trường Đại học Cần Thơ
LEADER 00578nam a2200193Ia 4500
001 CTU_77902
008 210402s9999 xx 000 0 und d
082 |a 338.9 
082 |b B787 
100 |a Bowles, Chester 
245 4 |a The makings of a just society : 
245 0 |b What the postwar years have taught us about national development 
245 0 |c Chester Bowles 
260 |a Delhi 
260 |b University of Delhi 
260 |c 1963 
650 |a Economic development,Developing countries 
904 |i Năm 
980 |a Trung tâm Học liệu Trường Đại học Cần Thơ